Mandal Commission Report: (Record no. 227909)
[ view plain ]
| 000 -LEADER | |
|---|---|
| fixed length control field | 00764nam a22002177a 4500 |
| 005 - DATE AND TIME OF LATEST TRANSACTION | |
| control field | 20230718111019.0 |
| 008 - FIXED-LENGTH DATA ELEMENTS--GENERAL INFORMATION | |
| fixed length control field | 230717b ||||| |||| 00| 0 eng d |
| 040 ## - CATALOGING SOURCE | |
| Transcribing agency | AL |
| 041 ## - LANGUAGE CODE | |
| Language code of text/sound track or separate title | eng |
| 082 ## - DEWEY DECIMAL CLASSIFICATION NUMBER | |
| Edition number | 23 |
| Classification number | 305.56 |
| Item number | VEEM |
| 100 ## - MAIN ENTRY--PERSONAL NAME | |
| Personal name | K Veeramani |
| 100 ## - MAIN ENTRY--PERSONAL NAME | |
| 9 (RLIN) | 127548 |
| 245 ## - TITLE STATEMENT | |
| Title | Mandal Commission Report: |
| Remainder of title | Demand for its full Implementation |
| 260 ## - PUBLICATION, DISTRIBUTION, ETC. | |
| Place of publication, distribution, etc. | Chennai |
| Name of publisher, distributor, etc. | Dravidar Kazhagam |
| Date of publication, distribution, etc. | 1998 |
| 300 ## - PHYSICAL DESCRIPTION | |
| Extent | 14p. |
| Other physical details | PB |
| Dimensions | 21x13cm. |
| 520 ## - SUMMARY, ETC. | |
| Summary, etc. | speech deleveried at the conference of the backward classes/scheduled casts/scheduled tribes and other minorities, held at New Delhi, 13.01.1983 / K. Veeramani |
| 650 ## - SUBJECT ADDED ENTRY--TOPICAL TERM | |
| Topical term or geographic name entry element | Speeches |
| 9 (RLIN) | 127226 |
| 650 ## - SUBJECT ADDED ENTRY--TOPICAL TERM | |
| Topical term or geographic name entry element | Scheduled Cates |
| 9 (RLIN) | 127227 |
| 650 ## - SUBJECT ADDED ENTRY--TOPICAL TERM | |
| Topical term or geographic name entry element | Scheduled Tribes |
| 9 (RLIN) | 127228 |
| 700 ## - ADDED ENTRY--PERSONAL NAME | |
| Personal name | VEERAMANI (K) |
| 9 (RLIN) | 127229 |
| 942 ## - ADDED ENTRY ELEMENTS (KOHA) | |
| Source of classification or shelving scheme | Dewey Decimal Classification |
| Koha item type | Donated Books |
| Withdrawn status | Lost status | Source of classification or shelving scheme | Damaged status | Not for loan | Collection code | Home library | Current library | Date acquired | Total Checkouts | Full call number | Barcode | Date last seen | Cost, replacement price | Price effective from | Koha item type | Public note |
|---|---|---|---|---|---|---|---|---|---|---|---|---|---|---|---|---|
| Dewey Decimal Classification | Sociology | St Aloysius Library | St Aloysius Library | 06/28/2023 | 305.56 VEEM | D06052 | 07/17/2023 | 4.00 | 07/17/2023 | Donated Books | Donated by V. T. Rajshekar |